ARRUPE JESUIT UNIVERSITY

CORONAVIRUS -STOP THE SPREAD - CLEAN,DISINFECT,COVER

Compassionate ministry : (Record no. 121088)

MARC details
000 -LEADER
fixed length control field 00902cam a2200289 a 4500
001 - CONTROL NUMBER
control field 4419199
003 - CONTROL NUMBER IDENTIFIER
control field ARRUPE
005 - DATE AND TIME OF LATEST TRANSACTION
control field 20141006131737.0
008 - FIXED-LENGTH DATA ELEMENTS--GENERAL INFORMATION
fixed length control field 960418s1996 nyu b 001 0 eng
010 ## - LIBRARY OF CONGRESS CONTROL NUMBER
LC control number 95048246
020 ## - INTERNATIONAL STANDARD BOOK NUMBER
International Standard Book Number 1570750696 (alk. paper)
035 ## - SYSTEM CONTROL NUMBER
System control number (OCoLC)34029331
035 ## - SYSTEM CONTROL NUMBER
System control number (OCoLC)ocm34029331
035 ## - SYSTEM CONTROL NUMBER
System control number (NNC)4419199
040 ## - CATALOGING SOURCE
Original cataloging agency DLC
Transcribing agency DLC
Modifying agency CBGTU
-- NNUT
050 ## - LIBRARY OF CONGRESS CALL NUMBER
Classification number BV4011
Item number .S865 1996
300 ## - PHYSICAL DESCRIPTION
Dimensions 23 cm
100 1# - MAIN ENTRY--PERSONAL NAME
Personal name Stone, Bryan P.,
Dates associated with a name 1959-
9 (RLIN) 12073
245 10 - TITLE STATEMENT
Title Compassionate ministry :
Remainder of title theological foundations /
Statement of responsibility, etc Bryan P. Stone
260 ## - PUBLICATION, DISTRIBUTION, ETC. (IMPRINT)
Place of publication, distribution, etc Maryknoll, NY :
Name of publisher, distributor, etc Orbis Books,
Date of publication, distribution, etc c1996
300 ## - PHYSICAL DESCRIPTION
Extent 168 p. ;
504 ## - BIBLIOGRAPHY, ETC. NOTE
Bibliography, etc Includes bibliographical references (p. 161-164) and index
650 #0 - SUBJECT ADDED ENTRY--TOPICAL TERM
Topical term or geographic name as entry element Pastoral theology.
9 (RLIN) 322
650 #0 - SUBJECT ADDED ENTRY--TOPICAL TERM
Topical term or geographic name as entry element Liberation theology.
9 (RLIN) 12074
650 #0 - SUBJECT ADDED ENTRY--TOPICAL TERM
Topical term or geographic name as entry element Caring
General subdivision Religious aspects
-- Christianity.
9 (RLIN) 3147
942 ## - ADDED ENTRY ELEMENTS (KOHA)
Source of classification or shelving scheme Library of Congress Classification
Koha item type Monograph ( Printed materials)
Holdings
Withdrawn status Lost status Source of classification or shelving scheme Damaged status Not for loan Collection code Home library Current library Shelving location Date acquired Total Checkouts Full call number Barcode Date last seen Date checked out Price effective from Koha item type
    Library of Congress Classification     Main Collection ARRUPE LIBRARY ARRUPE LIBRARY Main Collection 06/10/2014 1 BV4011 .S865 1996 46500001354 02/12/2019 18/11/2019 06/10/2014 Monograph ( Printed materials)

 

Arrupe Library. PO Box MP320 Mt Pleasant, Harare, Zimbabwe
263 242 745411|librarian@aju.ac.zw